000 00801nam a2200265Ia 4500
003 OSt
005 20220928120750.0
006 a|||||r|||| 00| 0
007 ta
008 220927b |||||||| |||| 00| 0 eng d
020 _c495
024 _a109064
037 _b3084, 01/09/2010, New India Book Agency
_cTextual
040 _aSDCL
_cSDCL
_beng
041 _2eng
_aeng
082 _aB32, Q0
100 _aGhorpade Sudhir R
_9451011
245 0 _aCourse in multivariable calculus and analysis.
260 _aNew Delhi
_bSpringer
_c2010
300 _axii,475p.
_ccm.
650 _aMathematics
700 _a Limaye Balmohan V
_9451012
942 _hB32, Q0
_cTEXL
_2CC
999 _c765136
_d765136